| Tag |
First Indicator |
Second Indicator |
Subfields |
| LEADER |
00000cam a2200000 i 4500 |
| 001 |
in00000061373 |
| 005 |
20151007082718.0 |
| 008 |
770228s1970 maua b 00010 eng d |
| 035 |
|
|
|a (OCoLC)02764425
|
| 035 |
|
|
|9 AAF8300AM
|
| 040 |
|
|
|a ERE
|c ERE
|d TXA
|d UtOrBLW
|
| 049 |
|
|
|a TXAM
|c [1631512]
|
| 090 |
|
|
|a HF5827
|b .F715
|
| 100 |
1 |
|
|a Friedman, Lawrence.
|
| 245 |
1 |
0 |
|a Measuring the effectiveness of consumer advertising :
|b a case history /
|c by Lawrence Friedman.
|
| 264 |
|
1 |
|a Cambridge, Mass. :
|b Marketing Science Institute,
|c 1970.
|
| 300 |
|
|
|a 28 pages :
|b illustrations ;
|c 28 cm.
|
| 336 |
|
|
|a text
|b txt
|2 rdacontent
|
| 337 |
|
|
|a unmediated
|b n
|2 rdamedia
|
| 338 |
|
|
|a volume
|b nc
|2 rdacarrier
|
| 490 |
1 |
|
|a Marketing Science Institute. Working paper
|
| 490 |
1 |
|
|a Marketing Science Institute. Preliminary research report
|
| 504 |
|
|
|a Bibliography: page 27.
|
| 650 |
|
0 |
|a Advertising
|x Research.
|
| 650 |
|
0 |
|a Advertising
|x Costs.
|
| 710 |
2 |
|
|a Marketing Science Institute.
|
| 830 |
|
0 |
|a Working paper (Marketing Science Institute)
|
| 830 |
|
0 |
|a Preliminary research report (Marketing Science Institute)
|
| 999 |
|
|
|a MARS
|
| 999 |
f |
f |
|s 028f360d-87c9-33c4-9d7e-44b1739055a8
|i 938baacc-84df-3ae7-9a73-906cb70b781f
|t 0
|
| 952 |
f |
f |
|p ric
|a Texas A&M University
|b Rellis Campus
|c Joint Library Facility
|d Remote Storage
|t 0
|e HF5827 .F715
|h Library of Congress classification
|i unmediated -- volume
|m A14802854436
|
| 998 |
f |
f |
|a HF5827 .F715
|t 0
|l Remote Storage
|